00374nam a2200157 a 450000100060000000300090000600800410001502000150005604000280007108200090009910000170010824500170012526000410014230000100018365000230019317514CO-ViMGA141112s2004 ck r 000 u spa d a8448010698 aCO-ViMGAbspacCO-ViMGA04aINKq1 aInkpen, Mick10a¿Quien soy? aBarcelona (España), cCeac, c1998 a30.p.14aCUENTOS INFANTILES